<?xml version="1.0" encoding="UTF-8"?>
<record
    xmlns:xsi="http://www.w3.org/2001/XMLSchema-instance"
    xsi:schemaLocation="http://www.loc.gov/MARC21/slim http://www.loc.gov/standards/marcxml/schema/MARC21slim.xsd"
    xmlns="http://www.loc.gov/MARC21/slim">

  <leader>02289nam a22003972  4500</leader>
  <datafield tag="999" ind1=" " ind2=" ">
    <subfield code="c">29289</subfield>
    <subfield code="d">29260</subfield>
  </datafield>
  <controlfield tag="001">ssj0000433596</controlfield>
  <controlfield tag="003">EG-ScBUE</controlfield>
  <controlfield tag="005">20210802094635.0</controlfield>
  <controlfield tag="008">090409s2009    inua   f      001 2 eng d</controlfield>
  <datafield tag="020" ind1=" " ind2=" ">
    <subfield code="a">9780789742414</subfield>
  </datafield>
  <datafield tag="020" ind1=" " ind2=" ">
    <subfield code="a">0789742411</subfield>
  </datafield>
  <datafield tag="040" ind1=" " ind2=" ">
    <subfield code="a">BIP US</subfield>
    <subfield code="b">eng</subfield>
    <subfield code="e">rda</subfield>
    <subfield code="c">EG-ScBUE</subfield>
    <subfield code="d">WaSeSS</subfield>
    <subfield code="d">EG-ScBUE</subfield>
  </datafield>
  <datafield tag="082" ind1="0" ind2="4">
    <subfield code="a">741.5973</subfield>
    <subfield code="b">BES</subfield>
    <subfield code="2">22</subfield>
  </datafield>
  <datafield tag="245" ind1="1" ind2="4">
    <subfield code="a">The best political cartoons of the year 2010 /</subfield>
    <subfield code="c">edited by Daryl Cagle and Brian Fairrington.</subfield>
  </datafield>
  <datafield tag="264" ind1=" " ind2="1">
    <subfield code="a">Indianapolis, Indiana :</subfield>
    <subfield code="b">Que,</subfield>
    <subfield code="c">2009.</subfield>
  </datafield>
  <datafield tag="300" ind1=" " ind2=" ">
    <subfield code="a">xv, 223 pages :</subfield>
    <subfield code="b">illustrations ;</subfield>
    <subfield code="c">28 cm</subfield>
  </datafield>
  <datafield tag="336" ind1=" " ind2=" ">
    <subfield code="2">rdacontent</subfield>
    <subfield code="a">text</subfield>
    <subfield code="b">txt</subfield>
  </datafield>
  <datafield tag="337" ind1=" " ind2=" ">
    <subfield code="2">rdamedia</subfield>
    <subfield code="a">unmediated</subfield>
    <subfield code="b">n</subfield>
  </datafield>
  <datafield tag="338" ind1=" " ind2=" ">
    <subfield code="2">rdacarrier</subfield>
    <subfield code="a">volume</subfield>
    <subfield code="b">nc</subfield>
  </datafield>
  <datafield tag="500" ind1=" " ind2=" ">
    <subfield code="a">Includes index.</subfield>
  </datafield>
  <datafield tag="506" ind1=" " ind2=" ">
    <subfield code="a">Available on campus and off campus with authorized login.</subfield>
  </datafield>
  <datafield tag="520" ind1="8" ind2=" ">
    <subfield code="a">Annotation</subfield>
    <subfield code="b">&lt;p style="MARGIN: 0px"&gt;&lt;b&gt;The Best of the Year in Editorial Cartoons&lt;/b&gt;&lt;/p&gt;&lt;p style="MARGIN: 0px"&gt;The best cartoonists in the world contributed to this collection of the best cartoons of 2009, from Daryl Cagle's Political Cartoonists Index, the most popular cartoon site on the Web (www.cagle.com). More than 600 cartoons cover the major topics of the historic year when America saw its first black president sworn into office. The economy sank despite humungous bailouts and unemployment hit new highs--not to mention the drama of Octomom, Sotomayor, Swine Flue, GM's bankruptcy, Iran's election chaos and the death of Michael Jackson. This cool book chronicles the history of the year 2009 with cartoons you'll never forget.&lt;/p&gt;&lt;p style="MARGIN: 0px"&gt;&amp;nbsp; &lt;/p&gt;</subfield>
  </datafield>
  <datafield tag="521" ind1=" " ind2=" ">
    <subfield code="a">Trade</subfield>
    <subfield code="b">Que</subfield>
  </datafield>
  <datafield tag="650" ind1=" " ind2="7">
    <subfield code="a">American Wit and Humor, Pictorial</subfield>
    <subfield code="2">BUEsh</subfield>
  </datafield>
  <datafield tag="651" ind1=" " ind2="7">
    <subfield code="a">United States</subfield>
    <subfield code="x">Politics and Government</subfield>
    <subfield code="x">Humor, Caricatures, Etc.</subfield>
    <subfield code="2">BUEsh</subfield>
  </datafield>
  <datafield tag="651" ind1=" " ind2="7">
    <subfield code="a">United States</subfield>
    <subfield code="x">History</subfield>
    <subfield code="x">Humor, Caricatures, Etc.</subfield>
    <subfield code="2">BUEsh</subfield>
  </datafield>
  <datafield tag="653" ind1=" " ind2=" ">
    <subfield code="b">ART</subfield>
    <subfield code="c">August2021</subfield>
  </datafield>
  <datafield tag="655" ind1=" " ind2="0">
    <subfield code="a">Electronic books.</subfield>
    <subfield code="v">Reading book</subfield>
  </datafield>
  <datafield tag="700" ind1="1" ind2=" ">
    <subfield code="a">Fairrington, Brian</subfield>
    <subfield code="e">editor.</subfield>
  </datafield>
  <datafield tag="700" ind1="1" ind2=" ">
    <subfield code="a">Cagle, Daryl,</subfield>
    <subfield code="e">editor.</subfield>
  </datafield>
  <datafield tag="856" ind1="4" ind2="0">
    <subfield code="a">SOUTH BEND</subfield>
    <subfield code="u">https://TT5XG8QF8P.search.serialssolutions.com/ejp/?libHash=TT5XG8QF8P#/search/?searchControl=title&amp;searchType=title_code&amp;criteria=TC0000433596</subfield>
  </datafield>
  <datafield tag="942" ind1=" " ind2=" ">
    <subfield code="2">ddc</subfield>
    <subfield code="c">BB</subfield>
  </datafield>
  <datafield tag="949" ind1=" " ind2=" ">
    <subfield code="h">sbenebook</subfield>
  </datafield>
  <datafield tag="952" ind1=" " ind2=" ">
    <subfield code="0">0</subfield>
    <subfield code="1">0</subfield>
    <subfield code="2">ddc</subfield>
    <subfield code="4">0</subfield>
    <subfield code="7">0</subfield>
    <subfield code="8">Baccah</subfield>
    <subfield code="a">MAIN</subfield>
    <subfield code="b">MAIN</subfield>
    <subfield code="c">2ND</subfield>
    <subfield code="d">2021-08-02</subfield>
    <subfield code="e">Purchase</subfield>
    <subfield code="g">110.00</subfield>
    <subfield code="h">35755</subfield>
    <subfield code="l">1</subfield>
    <subfield code="m">1</subfield>
    <subfield code="o">741.5973 BES</subfield>
    <subfield code="p">000050456</subfield>
    <subfield code="r">2025-07-15 00:00:00</subfield>
    <subfield code="s">2021-11-07</subfield>
    <subfield code="v">137.50</subfield>
    <subfield code="w">2021-08-02</subfield>
    <subfield code="y">BB</subfield>
  </datafield>
</record>
